000 00342nam a2200145Ia 4500
100 _aBenson/F.A.
650 _aElectrical Engineering
942 _cBK
654 _aProblems
245 _aProblems In Electronics With Solutions
260 _bE & J.N. Spon Ltd.
_aLondon
_c1966
082 _a537.5
_bBen
300 _a307
546 _aENGLISH
999 _c20259
_d20259